Kriminalistické skúmanie papierov
Na minha lista:
| Autor principal: | |
|---|---|
| Outros Autores: | |
| Formato: | Manuscrito Livro |
| Idioma: | eslovaco |
| Assuntos: | |
| Acesso em linha: | http://is.stuba.sk/zp/portal_zp.pl?podrobnosti=83784 |
| Tags: |
Sem tags, seja o primeiro a adicionar uma tag!
|
MARC
| LEADER | 00000ntm a22000003a 4500 | ||
|---|---|---|---|
| 001 | stuzp40854 | ||
| 003 | SK-STU | ||
| 005 | 20160229160059.9 | ||
| 007 | ta | ||
| 008 | 150427s2015----xo-----f-mn---000-0-slo-d | ||
| 040 | |a STU |b slo | ||
| 041 | 0 | |a slo | |
| 100 | 1 | |a Kecskés, Martin |u 049380 |4 aut |U FCHPT Ústav prírodných a syntetických polymérov |T FCHPT Oddelenie dreva, celulózy a papiera |X 44221 |U C9380 |Y 129 |7 44221 | |
| 242 | 0 | 1 | |a Forensic Examnation of Papers |y eng |
| 245 | 1 | 0 | |a Kriminalistické skúmanie papierov |
| 650 | 4 | |a Kriminalistické skúmanie dokumentov |2 slo | |
| 650 | 4 | |a skúmanie papierov |2 slo | |
| 650 | 4 | |a vyhodnocovanie trichromatických súradníc |2 slo | |
| 650 | 4 | |a Forensic examination of documents |2 eng | |
| 650 | 4 | |a examination of paper sheets |2 eng | |
| 650 | 4 | |a evaluation of trichromatic coordinates |2 eng | |
| 700 | 1 | |a Šutý, Štefan, |d 1965- |4 ths |X 3920 |7 A000003920 | |
| 856 | 4 | |u http://is.stuba.sk/zp/portal_zp.pl?podrobnosti=83784 | |
| SQL | |a stuzp40854 |b DBP |c SLO |d Kriminalistické skúmanie papierov |e 44221 |f Kecskés, Martin |g 049380 |h 3920 |i Šutý, Štefan |j 20140715 |k 104 |l 04 |m http://is.stuba.sk/zp/portal_zp.pl?podrobnosti=83784 | ||